[Event "DVM U14 2023"]
[Site "Magdeburg GER"]
[Date "2023.12.30"]
[Round "7"]
[White "Fruth, David"]
[Black "Weber, Nikita"]
[Result "1/2-1/2"]
[Termination "normal"]
[Board "3.1"]
[WhiteElo "1881"]
[BlackElo "1893"]
[WhiteClock "01:20:44"]
[BlackClock "00:44:40"]
[WhiteTeam "USV TU Dresden"]
[BlackTeam "Vorwärts Orient Mainz"]
[PlyCount "61"]
[WhiteFideId "16257596"]
[BlackFideId "34608770"]
[EventCountry "GER"]
[EventRounds "7"]
[EventType "team-swiss"]
[EventDate "2023.12.26"]

1. e4 {[%clk 01:30:59]} c6 {[%clk 01:30:35]} {[%emt 00:00:25]} 2. d4 {[%clk
01:31:27]} {[%emt 00:00:02]} d5 {[%clk 01:31:00]} {[%emt 00:00:05]} 3. Nc3
{[%clk 01:31:55]} {[%emt 00:00:03]} dxe4 {[%clk 01:30:05]} {[%emt 00:01:26]} 4.
Nxe4 {[%clk 01:32:19]} {[%emt 00:00:05]} Nf6 {[%clk 01:30:31]} {[%emt
00:00:04]} 5. Nxf6+ {[%clk 01:32:22]} {[%emt 00:00:27]} exf6 {[%clk 01:30:59]}
{[%emt 00:00:01]} 6. c3 {[%clk 01:32:36]} {[%emt 00:00:16]} Bd6 {[%clk
01:30:56]} {[%emt 00:00:33]} 7. Bd3 {[%clk 01:30:55]} {[%emt 00:02:12]} h5
{[%clk 01:30:16]} {[%emt 00:01:10]} 8. Qc2 {[%clk 01:31:16]} {[%emt 00:00:09]}
Be6 {[%clk 01:29:09]} {[%emt 00:01:37]} 9. Ne2 {[%clk 01:31:31]} {[%emt
00:00:15]} Qc7 {[%clk 01:28:20]} {[%emt 00:01:19]} 10. f4 {[%clk 01:31:46]}
{[%emt 00:00:16]} c5 {[%clk 01:16:12]} {[%emt 00:12:37]} 11. O-O {[%clk
01:29:45]} {[%emt 00:02:31]} cxd4 {[%clk 01:06:29]} {[%emt 00:10:13]} 12. Nxd4
{[%clk 01:30:05]} {[%emt 00:00:10]} Bc5 {[%clk 01:06:25]} {[%emt 00:00:33]} 13.
Be3 {[%clk 01:29:49]} {[%emt 00:00:47]} Nc6 {[%clk 01:00:51]} {[%emt 00:06:04]}
14. Qf2 {[%clk 01:26:59]} {[%emt 00:03:20]} Bxd4 {[%clk 00:59:33]} {[%emt
00:01:48]} 15. Bxd4 {[%clk 01:27:13]} {[%emt 00:00:16]} O-O-O {[%clk 00:47:07]}
{[%emt 00:12:55]} 16. f5 {[%clk 01:20:44]} {[%emt 00:06:59]} Bd5 {[%emt
00:02:58]} 17. Bxa7 Nxa7 18. Qxa7 Bxg2 19. Kxg2 Rxd3 20. Rad1 Rhd8 21. Rxd3
Rxd3 22. Qa8+ Kd7 23. Qa4+ Qc6+ 24. Qxc6+ Kxc6 25. Rf3 Rd6 26. Kf1 g5 27. fxg6
fxg6 28. Ke2 Re6+ 29. Re3 Rxe3+ 30. Kxe3 Kd5 {[%clk 00:44:40]} 31. a4 1/2-1/2

[Event "DVM U14 2023"]
[Site "Magdeburg GER"]
[Date "2023.12.30"]
[Round "7"]
[White "Mohammadzadeh, Daris"]
[Black "Marynychenko, Yehor"]
[Result "1/2-1/2"]
[Termination "normal"]
[Board "3.2"]
[WhiteElo "1800"]
[BlackElo "1795"]
[WhiteClock "00:53:07"]
[BlackClock "01:17:48"]
[WhiteTeam "Vorwärts Orient Mainz"]
[BlackTeam "USV TU Dresden"]
[PlyCount "63"]
[WhiteFideId "34604359"]
[BlackFideId "34160558"]
[EventCountry "GER"]
[EventRounds "7"]
[EventType "team-swiss"]
[EventDate "2023.12.26"]

1. e4 {[%clk 01:30:58]} {[%emt 00:13:10]} c5 {[%clk 01:30:52]} {[%emt
00:00:08]} 2. Nc3 {[%clk 01:31:24]} Nc6 {[%clk 01:31:30]} {[%emt 00:00:23]} 3.
Bb5 {[%clk 01:31:46]} Nd4 {[%clk 01:31:50]} {[%emt 00:00:17]} 4. Nf3 {[%clk
01:32:33]} Nxb5 {[%clk 01:31:56]} 5. Nxb5 {[%clk 01:32:33]} d5 {[%clk
01:31:50]} 6. exd5 {[%clk 01:32:33]} a6 {[%clk 01:32:21]} {[%emt 00:08:39]} 7.
Nc3 {[%clk 01:25:01]} Nf6 {[%clk 01:32:45]} {[%emt 00:00:44]} 8. a4 {[%clk
01:19:38]} Nxd5 {[%clk 01:32:45]} 9. Nxd5 {[%clk 01:19:38]} Qxd5 {[%clk
01:32:45]} 10. O-O {[%clk 01:19:38]} Bg4 {[%clk 01:32:45]} 11. Ra3 {[%clk
01:19:38]} e6 {[%clk 01:32:45]} 12. Rd3 {[%clk 01:19:38]} Qc6 {[%clk 01:17:48]}
{[%emt 00:49:00]} 13. b3 {[%clk 00:53:07]} Bd6 {[%clk 01:17:48]} 14. Bb2 {[%clk
00:53:07]} O-O {[%clk 01:17:48]} 15. Qe1 {[%clk 00:53:07]} Bf5 {[%clk
01:17:48]} 16. Rc3 {[%clk 00:53:07]} Qd5 {[%clk 01:17:48]} 17. Nh4 {[%clk
00:53:07]} Qe5 {[%clk 01:17:48]} 18. f4 {[%clk 00:53:07]} Qxe1 {[%clk
01:17:48]} 19. Rxe1 {[%clk 00:53:07]} Bxf4 {[%clk 01:17:48]} 20. Nxf5 {[%clk
00:53:07]} exf5 {[%clk 01:17:48]} 21. Rxc5 {[%clk 00:53:07]} Bxd2 {[%clk
01:17:48]} 22. Re2 {[%clk 00:53:07]} Bb4 {[%clk 01:17:48]} 23. Rxf5 {[%clk
00:53:07]} Rfe8 {[%clk 01:17:48]} 24. Rfe5 {[%clk 00:53:07]} Rxe5 {[%clk
01:17:48]} 25. Rxe5 {[%clk 00:53:07]} f6 {[%clk 01:17:48]} 26. Rd5 {[%clk
00:53:07]} Rc8 {[%clk 01:17:48]} 27. c4 {[%clk 00:53:07]} Re8 {[%clk 01:17:48]}
28. Kf2 {[%clk 00:53:07]} Re7 {[%clk 01:17:48]} 29. Bd4 {[%clk 00:53:07]} Kf7
{[%clk 01:17:48]} 30. Bc5 {[%clk 00:53:07]} Bxc5+ {[%clk 01:17:48]} 31. Rxc5
{[%clk 00:53:07]} Ke8 {[%clk 01:17:48]} 32. Rd5 {[%clk 00:53:07]} 1/2-1/2

[Event "DVM U14 2023"]
[Site "Magdeburg GER"]
[Date "2023.12.30"]
[Round "7"]
[White "Ellinger, Maximilian"]
[Black "Weidemann, Max"]
[Result "1/2-1/2"]
[Termination "normal"]
[Board "3.3"]
[WhiteElo "1654"]
[BlackElo "1222"]
[WhiteClock "01:16:00"]
[BlackClock "00:45:11"]
[WhiteTeam "USV TU Dresden"]
[BlackTeam "Vorwärts Orient Mainz"]
[PlyCount "39"]
[WhiteFideId "34631003"]
[BlackFideId "34617000"]
[EventCountry "GER"]
[EventRounds "7"]
[EventType "team-swiss"]
[EventDate "2023.12.26"]

1. e4 {[%clk 01:30:58]} e5 {[%clk 01:30:54]} {[%emt 00:00:07]} 2. Nf3 {[%clk
01:31:22]} {[%emt 00:00:06]} Nc6 {[%clk 01:31:14]} {[%emt 00:00:10]} 3. Bc4
{[%clk 01:31:44]} {[%emt 00:00:07]} Bc5 {[%clk 01:31:39]} {[%emt 00:00:05]} 4.
O-O {[%clk 01:32:01]} {[%emt 00:00:14]} Nf6 {[%clk 01:32:04]} {[%emt 00:00:05]}
5. d4 {[%clk 01:31:59]} {[%emt 00:00:32]} Bxd4 {[%clk 01:32:13]} {[%emt
00:00:21]} 6. Nxd4 {[%clk 01:32:24]} {[%emt 00:00:05]} Nxd4 {[%clk 01:32:36]}
{[%emt 00:00:07]} 7. Bg5 {[%clk 01:32:50]} {[%emt 00:00:03]} d6 {[%clk
01:32:43]} {[%emt 00:00:24]} 8. f4 {[%clk 01:33:11]} {[%emt 00:00:09]} Bg4
{[%clk 01:32:52]} {[%emt 00:00:22]} 9. Bxf6 {[%clk 01:28:47]} {[%emt 00:04:54]}
Bxd1 {[%clk 01:33:00]} {[%emt 00:00:21]} 10. Bxd8 {[%clk 01:29:12]} {[%emt
00:00:05]} Rxd8 {[%clk 01:33:20]} {[%emt 00:00:10]} 11. Rxd1 {[%clk 01:29:23]}
{[%emt 00:00:20]} Nxc2 {[%clk 01:33:42]} {[%emt 00:00:08]} 12. Nc3 {[%clk
01:29:29]} {[%emt 00:00:24]} Nxa1 {[%clk 01:34:06]} {[%emt 00:00:05]} 13. Rxa1
{[%clk 01:29:53]} {[%emt 00:00:06]} exf4 {[%clk 01:28:18]} {[%emt 00:06:19]}
14. Nd5 {[%clk 01:27:09]} {[%emt 00:03:12]} Rd7 {[%clk 01:14:52]} {[%emt
00:13:56]} 15. Kf2 {[%clk 01:25:31]} {[%emt 00:02:09]} Kd8 {[%clk 01:02:12]}
{[%emt 00:13:10]} 16. Nxf4 {[%clk 01:24:59]} {[%emt 00:01:02]} Re8 {[%clk
00:59:48]} {[%emt 00:02:53]} 17. Kf3 {[%clk 01:24:19]} {[%emt 00:01:10]} Rde7
{[%clk 00:55:26]} {[%emt 00:04:53]} 18. Bd3 {[%clk 01:23:23]} {[%emt 00:01:26]}
c6 {[%clk 00:48:34]} {[%emt 00:07:22]} 19. Rd1 {[%clk 01:17:38]} {[%emt
00:06:15]} Kc7 {[%clk 00:45:11]} {[%emt 00:03:53]} 20. g4 {[%clk 01:16:00]}
{[%emt 00:02:08]} *

[Event "DVM U14 2023"]
[Site "Magdeburg GER"]
[Date "2023.12.30"]
[Round "7"]
[White "Wolf, Noah"]
[Black "Sato, Kai"]
[Result "0-1"]
[Termination "normal"]
[Board "3.4"]
[WhiteElo "1364"]
[BlackElo "1386"]
[WhiteClock "01:35:21"]
[BlackClock "00:59:20"]
[WhiteTeam "Vorwärts Orient Mainz"]
[BlackTeam "USV TU Dresden"]
[PlyCount "70"]
[WhiteFideId "34616985"]
[BlackFideId "34605630"]
[EventCountry "GER"]
[EventRounds "7"]
[EventType "team-swiss"]
[EventDate "2023.12.26"]

1. e4 {[%clk 01:30:57]} {[%emt 00:00:02]} e5 {[%clk 01:31:00]} 2. Nf3 {[%clk
01:31:15]} {[%emt 00:00:11]} Nc6 {[%clk 01:31:29]} {[%emt 00:00:02]} 3. Bc4
{[%clk 01:31:37]} {[%emt 00:00:08]} Bc5 {[%clk 01:31:57]} {[%emt 00:00:03]} 4.
c3 {[%clk 01:32:02]} {[%emt 00:00:05]} Nf6 {[%clk 01:32:24]} {[%emt 00:00:03]}
5. d4 {[%clk 01:32:26]} {[%emt 00:00:06]} exd4 {[%clk 01:32:52]} {[%emt
00:00:02]} 6. e5 {[%clk 01:32:24]} {[%emt 00:00:32]} d5 {[%clk 01:33:17]}
{[%emt 00:00:05]} 7. Bb5 {[%clk 01:32:49]} {[%emt 00:00:04]} Ne4 {[%clk
01:33:29]} {[%emt 00:00:18]} 8. cxd4 {[%clk 01:33:13]} {[%emt 00:00:06]} Bb6
{[%clk 01:33:51]} {[%emt 00:00:08]} 9. Nc3 {[%clk 01:33:23]} {[%emt 00:00:19]}
Bg4 {[%clk 01:34:18]} {[%emt 00:00:05]} 10. O-O {[%clk 01:33:10]} {[%emt
00:00:42]} O-O {[%clk 01:34:27]} {[%emt 00:00:21]} 11. Re1 {[%clk 01:33:29]}
{[%emt 00:00:11]} Nxd4 {[%clk 01:24:20]} {[%emt 00:10:38]} 12. Be2 {[%clk
01:31:44]} {[%emt 00:02:14]} Nxf3+ {[%clk 01:15:22]} {[%emt 00:09:28]} 13. Bxf3
{[%clk 01:31:12]} {[%emt 00:01:02]} Bxf3 {[%clk 01:11:29]} {[%emt 00:04:23]}
14. Qxf3 {[%clk 01:31:33]} {[%emt 00:00:09]} Bxf2+ {[%clk 01:11:37]} {[%emt
00:00:23]} 15. Kf1 {[%clk 01:31:49]} {[%emt 00:00:12]} Bxe1 {[%clk 01:11:47]}
{[%emt 00:00:20]} 16. Kxe1 {[%clk 01:32:10]} {[%emt 00:00:10]} Nxc3 {[%clk
01:10:31]} {[%emt 00:01:46]} 17. bxc3 {[%clk 01:32:16]} {[%emt 00:00:24]} Qh4+
{[%clk 01:10:23]} {[%emt 00:00:37]} 18. g3 {[%clk 01:32:22]} {[%emt 00:00:25]}
Qxh2 {[%clk 01:09:49]} {[%emt 00:01:04]} 19. Be3 {[%clk 01:32:27]} {[%emt
00:00:24]} Rae8 {[%clk 01:10:47]} {[%emt 00:04:01]} 20. Kd1 {[%clk 01:33:31]}
{[%emt 00:01:44]} Rxe5 {[%clk 01:08:45]} {[%emt 00:02:32]} 21. Bd4 {[%clk
01:33:37]} {[%emt 00:00:22]} Re4 {[%clk 01:06:14]} {[%emt 00:03:02]} 22. Rc1
{[%clk 01:33:20]} {[%emt 00:00:47]} Rfe8 {[%clk 01:05:20]} {[%emt 00:01:24]}
23. Bf2 {[%clk 01:33:42]} {[%emt 00:00:07]} R8e6 {[%clk 01:00:59]} {[%emt
00:04:52]} 24. Rc2 {[%clk 01:33:00]} {[%emt 00:01:13]} Rf6 {[%clk 00:59:25]}
{[%emt 00:02:04]} 25. Qe2 {[%clk 01:32:39]} {[%emt 00:00:51]} Qh1+ {[%clk
00:58:32]} {[%emt 00:01:23]} 26. Be1 {[%clk 01:33:00]} {[%emt 00:00:08]} Rxe2
{[%clk 00:58:40]} {[%emt 00:00:22]} 27. Rxe2 {[%clk 01:33:25]} {[%emt
00:00:04]} Re6 {[%clk 00:58:59]} {[%emt 00:00:12]} 28. Rd2 {[%clk 01:33:44]}
{[%emt 00:00:11]} Rxe1+ {[%clk 00:59:06]} {[%emt 00:00:24]} 29. Kc2 {[%clk
01:34:06]} {[%emt 00:00:07]} Qe4+ {[%clk 00:59:25]} {[%emt 00:00:11]} 30. Kb3
{[%clk 01:34:08]} {[%emt 00:00:28]} Rb1+ {[%clk 00:59:11]} {[%emt 00:00:43]}
31. Ka3 {[%clk 01:34:33]} {[%emt 00:00:06]} Qe7+ {[%clk 00:58:16]} {[%emt
00:01:26]} 32. Ka4 {[%clk 01:34:29]} {[%emt 00:00:33]} Qd7+ {[%clk 00:58:32]}
{[%emt 00:00:14]} 33. Ka3 {[%clk 01:34:49]} {[%emt 00:00:09]} Qb5 {[%clk
00:58:49]} {[%emt 00:00:13]} 34. Rxd5 {[%clk 01:34:59]} {[%emt 00:00:20]} Qxd5
{[%clk 00:59:01]} {[%emt 00:00:18]} 35. c4 {[%clk 01:35:21]} {[%emt 00:00:09]}
Qa5# {[%clk 00:59:20]} {[%emt 00:00:11]} 0-1

[Event "DVM U14 2023"]
[Site "Magdeburg GER"]
[Date "2023.12.30"]
[Round "7"]
[White "Blodig, Vincent"]
[Black "Türel, Tugrul"]
[Result "1/2-1/2"]
[Termination "normal"]
[Board "4.1"]
[WhiteElo "1921"]
[BlackElo "2002"]
[WhiteClock "01:08:17"]
[BlackClock "01:04:58"]
[WhiteTeam "SF Augsburg"]
[BlackTeam "SF München"]
[PlyCount "140"]
[WhiteFideId "16297857"]
[BlackFideId "26338408"]
[EventCountry "GER"]
[EventRounds "7"]
[EventType "team-swiss"]
[EventDate "2023.12.26"]

1. Nf3 {[%clk 01:30:57]} {[%emt 00:00:02]} Nf6 {[%clk 01:28:57]} {[%emt
00:02:03]} 2. d4 {[%clk 01:30:06]} {[%emt 00:01:21]} d5 {[%clk 01:29:22]}
{[%emt 00:00:05]} 3. c4 {[%clk 01:30:19]} {[%emt 00:00:17]} e6 {[%clk
01:27:32]} {[%emt 00:02:20]} 4. Nc3 {[%clk 01:30:06]} {[%emt 00:00:43]} c6
{[%clk 01:27:51]} {[%emt 00:00:11]} 5. cxd5 {[%clk 01:28:28]} {[%emt 00:02:08]}
exd5 {[%clk 01:28:12]} {[%emt 00:00:09]} 6. Bg5 {[%clk 01:28:40]} {[%emt
00:00:19]} Be7 {[%clk 01:27:15]} {[%emt 00:01:27]} 7. e3 {[%clk 01:28:08]}
{[%emt 00:01:02]} Bf5 {[%clk 01:23:52]} {[%emt 00:03:53]} 8. Be2 {[%clk
01:27:17]} {[%emt 00:01:21]} Nbd7 {[%clk 01:24:03]} {[%emt 00:00:17]} 9. O-O
{[%clk 01:27:23]} {[%emt 00:00:26]} O-O {[%clk 01:05:54]} {[%emt 00:18:40]} 10.
h3 {[%clk 01:22:40]} {[%emt 00:05:13]} Ne4 {[%clk 01:05:21]} {[%emt 00:01:02]}
11. Bxe7 {[%clk 01:23:02]} {[%emt 00:00:08]} Qxe7 {[%clk 01:05:46]} {[%emt
00:00:05]} 12. Nxe4 {[%clk 01:23:03]} {[%emt 00:00:29]} Bxe4 {[%clk 01:05:21]}
{[%emt 00:00:56]} 13. Nd2 {[%clk 01:21:42]} {[%emt 00:01:50]} Bg6 {[%clk
01:05:32]} {[%emt 00:00:18]} 14. Qa4 {[%clk 01:20:23]} {[%emt 00:01:50]} f5
{[%clk 01:04:58]} {[%emt 00:01:05]} 15. Rae1 {[%clk 01:08:17]} {[%emt
00:12:35]} f4 16. exf4 {[%clk 01:08:17]} Nb6 17. Qb3 {[%clk 01:08:17]} Qf6 18.
Nf3 {[%clk 01:08:17]} Qxf4 19. a4 {[%clk 01:08:17]} Rab8 20. a5 {[%clk
01:08:17]} Nd7 21. Qc3 {[%clk 01:08:17]} Qd6 22. b4 {[%clk 01:08:17]} b6 23.
axb6 {[%clk 01:08:17]} Rxb6 24. Ra1 {[%clk 01:08:17]} Qxb4 25. Qxb4 {[%clk
01:08:17]} Rxb4 26. Rxa7 {[%clk 01:08:17]} Nb8 27. Ra8 {[%clk 01:08:17]} Be4
28. Rd1 {[%clk 01:08:17]} Bxf3 29. Bxf3 {[%clk 01:08:17]} Nd7 30. Ra7 {[%clk
01:08:17]} Nb6 31. Rc7 {[%clk 01:08:17]} Rc8 32. Rxc8+ {[%clk 01:08:17]} Nxc8
33. Kf1 {[%clk 01:08:17]} Nd6 34. Rc1 {[%clk 01:08:17]} Nf5 35. Rxc6 {[%clk
01:08:17]} Rb1+ 36. Ke2 {[%clk 01:08:17]} Nxd4+ 37. Ke3 {[%clk 01:08:17]} Nxc6
38. Bxd5+ {[%clk 01:08:17]} Kf8 39. Bxc6 {[%clk 01:08:17]} Rb3+ 40. Kf4 {[%clk
01:08:17]} Rb2 41. Kg3 {[%clk 01:08:17]} Kf7 42. Be4 {[%clk 01:08:17]} g6 43.
h4 {[%clk 01:08:17]} h6 44. f3 {[%clk 01:08:17]} Kf6 45. Kh3 {[%clk 01:08:17]}
Ra2 46. Bd5 {[%clk 01:08:17]} Ra1 47. g3 {[%clk 01:08:17]} Ra4 48. Be4 {[%clk
01:08:17]} Ra2 49. Bd5 {[%clk 01:08:17]} Rb2 50. Be4 {[%clk 01:08:17]} Rf2 51.
Bd5 {[%clk 01:08:17]} Rd2 52. Bc6 {[%clk 01:08:17]} Rd4 53. Be4 {[%clk
01:08:17]} Rb4 54. Kg4 {[%clk 01:08:17]} Ke5 55. Kh3 {[%clk 01:08:17]} Rxe4 56.
fxe4 {[%clk 01:08:17]} Kxe4 57. Kg2 {[%clk 01:08:17]} g5 58. hxg5 {[%clk
01:08:17]} hxg5 59. g4 {[%clk 01:08:17]} Kf4 60. Kg1 {[%clk 01:08:17]} Kg3 61.
Kf1 {[%clk 01:08:17]} Kf3 62. Kg1 {[%clk 01:08:17]} Kxg4 63. Kg2 {[%clk
01:08:17]} Kf4 64. Kf2 {[%clk 01:08:17]} g4 65. Kg2 {[%clk 01:08:17]} g3 66.
Kg1 {[%clk 01:08:17]} Kg4 67. Kg2 {[%clk 01:08:17]} Kh4 68. Kg1 {[%clk
01:08:17]} Kh3 69. Kh1 {[%clk 01:08:17]} g2+ 70. Kg1 {[%clk 01:08:17]} Kg3
1/2-1/2

[Event "DVM U14 2023"]
[Site "Magdeburg GER"]
[Date "2023.12.30"]
[Round "7"]
[White "Nguyen, Leon"]
[Black "Schrimpf, Michael"]
[Result "1/2-1/2"]
[Termination "normal"]
[Board "4.2"]
[WhiteElo "1750"]
[BlackElo "1513"]
[WhiteClock "01:12:40"]
[BlackClock "00:45:42"]
[WhiteTeam "SF München"]
[BlackTeam "SF Augsburg"]
[PlyCount "34"]
[WhiteFideId "34645667"]
[BlackFideId "1676237"]
[EventCountry "GER"]
[EventRounds "7"]
[EventType "team-swiss"]
[EventDate "2023.12.26"]

1. e4 {[%clk 01:30:55]} {[%emt 00:00:04]} e6 {[%clk 01:30:51]} {[%emt
00:00:09]} 2. d4 {[%clk 01:31:17]} {[%emt 00:00:08]} d5 {[%clk 01:31:15]}
{[%emt 00:00:05]} 3. Nc3 {[%clk 01:31:23]} {[%emt 00:00:24]} dxe4 {[%clk
01:31:23]} {[%emt 00:00:22]} 4. Nxe4 {[%clk 01:30:46]} {[%emt 00:01:07]} Bd7
{[%clk 01:31:42]} {[%emt 00:00:11]} 5. Nf3 {[%clk 01:30:54]} {[%emt 00:00:23]}
Bc6 {[%clk 01:32:05]} {[%emt 00:00:07]} 6. Bd3 {[%clk 01:31:11]} {[%emt
00:00:13]} Nd7 {[%clk 01:32:27]} {[%emt 00:00:08]} 7. O-O {[%clk 01:31:18]}
{[%emt 00:00:23]} Ngf6 {[%clk 01:32:49]} {[%emt 00:00:08]} 8. Ng3 {[%clk
01:31:15]} {[%emt 00:00:33]} Be7 {[%clk 01:32:24]} {[%emt 00:00:55]} 9. Re1
{[%clk 01:31:16]} {[%emt 00:00:29]} O-O {[%clk 01:31:11]} {[%emt 00:01:44]} 10.
c4 {[%clk 01:30:20]} {[%emt 00:01:26]} Bxf3 {[%clk 01:24:17]} {[%emt 00:07:23]}
11. Qxf3 {[%clk 01:30:38]} {[%emt 00:00:12]} c6 {[%clk 01:24:38]} {[%emt
00:00:09]} 12. Be3 {[%clk 01:22:05]} {[%emt 00:09:04]} Re8 {[%clk 01:15:08]}
{[%emt 00:10:00]} 13. Rad1 {[%clk 01:22:15]} {[%emt 00:00:20]} a5 {[%clk
01:14:44]} {[%emt 00:00:54]} 14. a3 {[%clk 01:22:10]} {[%emt 00:00:35]} a4
{[%clk 01:14:05]} {[%emt 00:01:08]} 15. Qe2 {[%clk 01:20:00]} {[%emt 00:02:40]}
Qc7 {[%clk 01:06:12]} {[%emt 00:08:23]} 16. Qc2 {[%clk 01:14:39]} {[%emt
00:05:51]} c5 {[%clk 00:56:31]} {[%emt 00:10:12]} 17. Ne4 {[%clk 01:12:40]}
{[%emt 00:02:29]} h6 {[%clk 00:45:42]} {[%emt 00:11:19]} *

[Event "DVM U14 2023"]
[Site "Magdeburg GER"]
[Date "2023.12.30"]
[Round "7"]
[White "Rempel, Alexander"]
[Black "Merenda, Lukas-Benedikt"]
[Result "1/2-1/2"]
[Termination "normal"]
[Board "4.3"]
[WhiteElo "1659"]
[BlackElo "1707"]
[WhiteClock "01:11:16"]
[BlackClock "00:56:19"]
[WhiteTeam "SF Augsburg"]
[BlackTeam "SF München"]
[PlyCount "62"]
[WhiteFideId "34618600"]
[BlackFideId "34603336"]
[EventCountry "GER"]
[EventRounds "7"]
[EventType "team-swiss"]
[EventDate "2023.12.26"]

1. e4 {[%clk 01:30:20]} {[%emt 00:00:39]} c5 {[%clk 01:30:51]} {[%emt
00:00:09]} 2. Nf3 {[%clk 01:30:16]} {[%emt 00:00:34]} Nc6 {[%clk 01:31:13]}
{[%emt 00:00:08]} 3. d4 {[%clk 01:30:07]} {[%emt 00:00:39]} cxd4 {[%clk
01:31:36]} {[%emt 00:00:08]} 4. Nxd4 {[%clk 01:30:01]} {[%emt 00:00:36]} Nf6
{[%clk 01:31:54]} {[%emt 00:00:12]} 5. Nc3 {[%clk 01:28:58]} {[%emt 00:01:34]}
e5 {[%clk 01:31:59]} {[%emt 00:00:24]} 6. Ndb5 {[%clk 01:29:21]} {[%emt
00:00:06]} d6 {[%clk 01:32:22]} {[%emt 00:00:08]} 7. Bg5 {[%clk 01:29:41]}
{[%emt 00:00:10]} a6 {[%clk 01:32:45]} {[%emt 00:00:07]} 8. Na3 {[%clk
01:30:10]} {[%emt 00:00:01]} b5 {[%clk 01:33:09]} {[%emt 00:00:06]} 9. Nd5
{[%clk 01:30:34]} {[%emt 00:00:06]} Be7 {[%clk 01:33:33]} {[%emt 00:00:05]} 10.
Bxf6 {[%clk 01:30:59]} {[%emt 00:00:05]} Bxf6 {[%clk 01:33:52]} {[%emt
00:00:11]} 11. c3 {[%clk 01:31:23]} {[%emt 00:00:06]} O-O {[%clk 01:26:02]}
{[%emt 00:08:20]} 12. Nc2 {[%clk 01:31:44]} {[%emt 00:00:09]} Bb7 {[%clk
01:22:06]} {[%emt 00:04:26]} 13. a4 {[%clk 01:31:56]} {[%emt 00:00:18]} bxa4
{[%clk 01:18:06]} {[%emt 00:04:30]} 14. Rxa4 {[%clk 01:32:04]} {[%emt
00:00:23]} a5 {[%clk 01:17:56]} {[%emt 00:00:39]} 15. Nce3 {[%clk 01:30:56]}
{[%emt 00:01:38]} Bg5 {[%clk 01:16:25]} {[%emt 00:02:01]} 16. Bc4 {[%clk
01:30:00]} {[%emt 00:01:26]} Bxe3 {[%clk 01:13:21]} {[%emt 00:03:34]} 17. Nxe3
{[%clk 01:30:20]} {[%emt 00:00:10]} Ne7 {[%clk 01:12:21]} {[%emt 00:01:30]} 18.
Nd5 {[%clk 01:29:21]} {[%emt 00:01:28]} Bxd5 {[%clk 01:04:53]} {[%emt
00:07:57]} 19. Bxd5 {[%clk 01:29:15]} {[%emt 00:00:36]} Rb8 {[%clk 01:05:15]}
{[%emt 00:00:07]} 20. Ra2 {[%clk 01:27:18]} {[%emt 00:02:28]} Qb6 {[%clk
00:59:44]} {[%emt 00:06:01]} 21. O-O {[%clk 01:27:07]} {[%emt 00:00:41]} Qc5
{[%clk 00:59:40]} {[%emt 00:00:33]} 22. Qa1 {[%clk 01:16:59]} {[%emt 00:10:39]}
Nxd5 {[%clk 00:57:24]} {[%emt 00:02:46]} 23. Rxa5 {[%clk 01:14:42]} {[%emt
00:02:47]} Rb5 {[%clk 00:57:19]} {[%emt 00:00:36]} 24. Rxb5 {[%clk 01:15:08]}
{[%emt 00:00:04]} Qxb5 {[%clk 00:57:46]} {[%emt 00:00:03]} 25. exd5 {[%clk
01:15:32]} {[%emt 00:00:06]} Qxd5 {[%clk 00:58:09]} {[%emt 00:00:07]} 26. Qd1
{[%clk 01:11:16]} {[%emt 00:04:46]} Qc6 {[%clk 00:56:19]} {[%emt 00:02:20]} 27.
Qb3 Qc7 {[%clk 00:56:19]} 28. Qd5 Rb8 {[%clk 00:56:19]} 29. b3 h6 {[%clk
00:56:19]} 30. Rc1 Rb7 {[%clk 00:56:19]} 31. h3 Rb8 {[%clk 00:56:19]} 1/2-1/2